Membentuk kecerdasan emosi kanak-kanak : (Record no. 71563)

MARC details
000 -LEADER
fixed length control field 00839nam a2200253 i 4500
001 - CONTROL NUMBER
control field C2-0260813
003 - CONTROL NUMBER IDENTIFIER
control field PPAK
005 - DATE AND TIME OF LATEST TRANSACTION
control field 20180727230429.0
008 - FIXED-LENGTH DATA ELEMENTS--GENERAL INFORMATION
fixed length control field 041031s1998 my a|||| ||||| | may d
020 ## - INTERNATIONAL STANDARD BOOK NUMBER
International Standard Book Number 9838611743
040 ## - CATALOGING SOURCE
Original cataloging agency PPAK
Language of cataloging eng
Transcribing agency PPAK
Description conventions rda
082 04 - DEWEY DECIMAL CLASSIFICATION NUMBER
Classification number 152.4071
Edition number 23
090 00 - LOCALLY ASSIGNED LC-TYPE CALL NUMBER (OCLC); LOCAL CALL NUMBER (RLIN)
Classification number (OCLC) (R) ; Classification number, CALL (RLIN) (NR) 152.4071
Feature heading SOH
Feature heading KAR
Classification number (OCLC) (R) ; Classification number, CALL (RLIN) (NR) 152.4071
Feature heading SOH
Feature heading KMI
100 0# - MAIN ENTRY--PERSONAL NAME
Personal name Sohaimi Abdul Aziz,
Relator term author
245 10 - TITLE STATEMENT
Title Membentuk kecerdasan emosi kanak-kanak :
Remainder of title melalui kesusasteraan kanak-kanak
264 #1 - PRODUCTION, PUBLICATION, DISTRIBUTION, MANUFACTURE, AND COPYRIGHT NOTICE
Place of production, publication, distribution, manufacture Pulau Pinang :
Name of producer, publisher, distributor, manufacturer Universiti Sains Malaysia ,
Date of production, publication, distribution, manufacture, or copyright notice 1998
300 ## - PHYSICAL DESCRIPTION
Extent vii, 102 pages :
Other physical details illustrations ;
Dimensions 24 cm
336 ## - CONTENT TYPE
Source rdacontent
Content type term text
337 ## - MEDIA TYPE
Source rdamedia
Media type term unmediated
338 ## - CARRIER TYPE
Source rdacarrier
Carrier type term volume
650 10 - SUBJECT ADDED ENTRY--TOPICAL TERM
Topical term or geographic name entry element Emotional intelligence. � ; Emotional intelligence Study and teaching Activity programs.
942 ## - ADDED ENTRY ELEMENTS (KOHA)
-- dc
Koha item type Book
Holdings
Withdrawn Not for loan Current library Shelving location Date acquired Full call number Barcode Date last seen Koha item type
  Not For Loan Perpustakaan Alor Setar Koleksi Prof. Dr. Muhammad Isa Othman 30/05/2011 KMI 152.4071 SOH A00383959 09/05/2018 Book
  Not For Loan Perpustakaan Baling Koleksi A.Rahmad 31/10/2004 KAR 152.4071 SOH A00500322 09/05/2018 Book